Il sesso e l'Occidente : l'evoluzione del comportamento e degli atteggiamenti /

Guardat en:
Dades bibliogràfiques
Autor principal: Flandrin, Jean Louis (Autor)
Altres autors: Calzolari, Andrea (traduttore) (Traductor)
Format: Llibre
Idioma:italià
Publicat: Milano : A. Mondadori, c1983
Col·lecció:Studio ; 112
Matèries:
Etiquetes: Afegir etiqueta
Sense etiquetes, Sigues el primer a etiquetar aquest registre!

MARC

LEADER 00000nam a22000007i 4500
001 IT\ICCU\CFI\0009679
003 ItRI
005 20260115232313.0
008 860303s1983 it |||||| ||||| |||||c
040 |b ita  |c importazione bologna sebina 
041 7 |a ita  |2 ISO-639-2 
082 |a 301.41  |9 SESSO  |2 18 
100 1 |a Flandrin, Jean Louis  |0 IT\ICCU\CFIV\015876  |4 aut 
240 1 3 |a Le sexe et l'Occident  |3 IT\ICCU\UM1\0134596  |9 Flandrin, Jean Louis 
245 1 3 |a Il sesso e l'Occidente :  |b l'evoluzione del comportamento e degli atteggiamenti /  |c Jean-Louis Flandrin ; trad. di Andrea Calzolari. 
260 |a Milano :  |b A. Mondadori,  |c c1983 
300 |a 325 p. ;  |c 21 cm. 
650 7 |a Sesso  |x Storia  |x Antichità-Sec. 18.  |2 scbi 
700 1 |a Calzolari, Andrea  |c  (traduttore)  |0 IT\ICCU\CFIV\088559  |4 trl 
830 0 |a Studio ;  |v 112  |0 IT\ICCU\CFI\0000125 
942 |2 ddc  |c BK  |n 0 
952 |0 0  |1 0  |4 0  |6 DOC_306_709000000000000_FLA  |7 0  |9 23874  |a BO  |b BO  |d 2026-01-15  |i 6557  |l 0  |o DOC 306.709 FLA  |p BO6557  |r 2026-01-15 23:23:13  |w 2026-01-15  |x [Sebina 5] [1 v.]  |y BK  |z 1 v. 
999 |c 20334  |d 20334